|
|
|
|
| LEADER |
00000cam a2200000 7i4500 |
| 001 |
0000029191 |
| 005 |
20100330.0 |
| 008 |
100330 |
| 020 |
|
|
|a 9675391002
|
| 090 |
0 |
0 |
|a 297.23
|b MUH
|
| 100 |
0 |
|
|a Muhammad Nurani Ma'arif
|
| 245 |
1 |
0 |
|a Membongkar misteri dajjal
|c Muhammad Nurani Ma'arif
|
| 260 |
|
|
|a Selangor :
|b Hijjaz Records Publishing ,
|c 2009
|
| 650 |
|
0 |
|a Demology, Islamic
|
| 650 |
|
0 |
|a Devil
|x Islam
|
| 999 |
|
|
|a 0001064872
|b Book
|c Adult Collection
|e Cawangan Bandar Penawar
|
| 999 |
|
|
|a 0001065092
|b Book
|c Children Collection
|e Cawangan Taman Universiti
|
| 999 |
|
|
|a 0001065929
|b Book
|c Adult Collection
|e Cawangan Taman Sri Lambak
|
| 999 |
|
|
|a 0001066438
|b Book
|c Adult Collection
|e Perbadanan Perpustakaan Awam Johor
|
| 999 |
|
|
|a 0001066830
|b Book
|c Adult Collection
|e Cawangan Mersing
|